Countries whose Neighbours have different Initials - Statistics

General Stats
  • This quiz has been taken 36 times
  • The average score is 4 of 8
Answer Stats
# Country % Correct
9 Germany
93%
7 Mali
60%
7 Saudi Arabia
57%
6 Burkina Faso
53%
7 Poland
53%
6 South Africa
53%
6 South Sudan
30%
6 Libya
23%
No matching quizzes found
Score Distribution
Percent of People with Each Score
Percentile by Number Answered
Your Score History
You have not taken this quiz